01218nam a2200313uu 4500001000800000005001700008008004100025035001200066040001300078041000800091080000600099100003500105245009100140260004300231300001700274520024500291650002500536650004700561650001800608650003000626650001800656650002900674650004500703651004200748651005700790700003700847502001200884526000800896135684220260508084655.0140129s1988 ||||||m| spa  a1356842 ccomduadb aspa aH10aRios Madrid, Mariela4auteaut10aConsideraciones sobre la vida de los antioqueños durante la transición 1890 - 1920 aMedellín :b[sin publicador],c1988. a310 p. + il.3 a La tesis busca ubicar el momento histórico y social de la transición de formas de vida precapitalista a modos de producción y relaciones sociales de tipo capitalista en la Antioquia de finales del siglo XIX en transición con el XX. aAntioquia (Colombia) aAntioquia (Colombia) - Aspectos culturales aVida cultural aVida cultural - Antioquia aAntioqueños aAntioqueños - Historia aAntioqueños - Vida social y costumbres 7aAntioquia (Colombia)xHistoria2embne 7aAntioquia (Colombia)xVida social y costumbres2lemb10aMejia Fernandez, Fabio4thseths b104c12 a105